Muerte en el Nilo
Adaptación de una novela de Agatha Christie. A bordo de un lujoso barco fluvial, el Karnak, se dan cita diez personas que se ven implicadas en el misterioso asesinato de una rica heredera norteamericana. Mientras remontan las tranquilas aguas del Nilo, Hercules Poirot se hace cargo de la investigaci...
Guardado en:
| Autor Principal: | |
|---|---|
| Autor Corporativo: | |
| Otros Autores: | , , , , , |
| Formato: | |
| Idioma: | Undetermined |
| Publicado: |
Reino Unido :
Columbia-EMI-Warner,
1978.
|
| Materias: | |
| Etiquetas: |
Agregar Etiqueta
Sin Etiquetas, Sea el primero en etiquetar este registro!
|
| LEADER | 01358ngm a22002775a 4500 | ||
|---|---|---|---|
| 001 | CEM.cems020536 | ||
| 008 | 231009s1978####xx#---############vlund#d | ||
| 005 | 20231009200332.0 | ||
| 245 | 1 | 0 | |a Muerte en el Nilo |h [videograbación] / |c John Guillermin. |
| 260 | |a Reino Unido : |b Columbia-EMI-Warner, |c 1978. | ||
| 300 | |a 140'. | ||
| 520 | |a Adaptación de una novela de Agatha Christie. A bordo de un lujoso barco fluvial, el Karnak, se dan cita diez personas que se ven implicadas en el misterioso asesinato de una rica heredera norteamericana. Mientras remontan las tranquilas aguas del Nilo, Hercules Poirot se hace cargo de la investigación y poco a poco va desentrañando el enigmático crimen. | ||
| 538 | |a Soporte: DVD -- Formato: AVI Peso: 775mb -- Resolución: 352 x 288 -- 25 fps | ||
| 500 | |a Título original: Death on the Nile Idioma: Inglés Subtítulos: Español. | ||
| 590 | |a Identificación anterior: 223 | ||
| 100 | 1 | |a Guillermin, John. | |
| 700 | 1 | |a Christie, Agatha; Novela. | |
| 700 | 1 | |a Ustinov, Peter; Reparto. | |
| 700 | 1 | |a Niven, David; Reparto. | |
| 700 | 1 | |a Farrow, Mia; Reparto. | |
| 700 | 1 | |a MacCorkindale, Simon; Reparto. | |
| 700 | 1 | |a Chiles, Lois; Reparto. | |
| 710 | 2 | |a EMI Films. | |
| 653 | |a LARGOMETRAJE | ||
| 653 | |a FICCIÓN | ||
| 859 | |a CEMS |b BIB. CEMS - Depto. Recursos Didacticos |h 778.5 |i GUI |k DRD |p 3167.23 |t Ej.1 | ||
